000 00934nam a22002777a 4500
001 BR8004302
003 BR-BrBNA
005 20230928090645.0
007 ta
008 230509b bl.||||| |||| 00| 0 por d
040 _aBR-BrBNA
_bpor
_cBiblioteca Nacional de Agricultura
041 _a(Por)
072 _aF00; L30; L32
_b1900
_b/G514
090 _ 1900 BR8004302
110 1 _aFederacao da Agricultura do Estado do Rio Grande do Sul, Porto Alegre (Brasil)
_94578
111 1 _aSeminario sobre Pastagens
_cPorto Alegre, RS (Brazil)
_d17 Jun 1980
245 1 _aAnais do seminario sobre pastagens; de que pastagens necessitamos [Industria alimenticia; Pastagem; Planta forrageira; Brasil]
260 3 _aPorto Alegre, RS (Brasil):
_c1980.
300 _a233 p.
650 _aPASTAGEM
650 _aPLANTA FORRAGEIRA
650 _aMANEJO
650 _aRIO GRANDE DO SUL
909 _a202309
_bLucia
_c55
_dLucia Elande
942 _cBK
999 _c29867
_d29867